000 00600nam a2200193Ii 4500
003 JO-AjNU
008 230605s9999||||xx |||||||||||||| ||und||
040 _aJO-AjNU
_bara
_erda
_cJO-AjNU
041 _aara
050 1 4 _aPS3511.O416.J6612 1988
100 3 _aفوربس ، استر ؛ ترجمة جورج خوري ,
_eauthor
_913337
245 0 0 _aجوني تريمين قصة بوسطن الثائرة
264 3 1 _aعمان ،1988
300 _a328ص
336 _atext
_btxt
_2rdacontent
337 _aunmediated
_bn
_2rdamedia
338 _avolume
_bnc
_2rdacarrier
650 4 _aرويات
_913338
999 _aA3295
_c6863
_d6863